logo

Bir Sreshtho Munshi Abdur Rouf Library
Jhenaidah Cadet College

সবকিছু ভেঙে-চুরে যায় / (Record no. 194)

MARC details
000 -LEADER
fixed length control field 00865nam a2200253 a 4500
001 - CONTROL NUMBER
JCCL Control Number 194
003 - CONTROL NUMBER IDENTIFIER
JCCL marc code BD-JhCC
005 - DATE AND TIME OF LATEST TRANSACTION
control field 20180705134013.0
008 - FIXED-LENGTH DATA ELEMENTS--GENERAL INFORMATION
fixed length control field 171002b2008 bg ||||| |||| 000 0 ben d
020 ## - INTERNATIONAL STANDARD BOOK NUMBER
International Standard Book Number 9847011400174
035 ## - SYSTEM CONTROL NUMBER
system control number (BD-JhCC)194
040 ## - CATALOGING SOURCE
Original cataloging agency BD-JhCC
Modifying agency BD-JhCC
041 ## - LANGUAGE CODE
Language code of Book ben
082 ## - DEWEY DECIMAL CLASSIFICATION NUMBER
Classification number 891.443
Author mark and Year ACH 2008
100 ## - MAIN ENTRY--PERSONAL NAME
Personal name আচেবে, চিনুয়া.
245 ## - TITLE STATEMENT
Title সবকিছু ভেঙে-চুরে যায় /
Statement of responsibility, etc চিনুয়া আচেবে এবং অনু. কবীর চৌধুরী
260 ## - PUBLICATION, DISTRIBUTION, ETC. (IMPRINT)
Place of publication, distribution, etc ঢাকাঃ
Name of publisher, distributor, etc সময় প্রকাশন,
Date of publication, distribution, etc ২০০৮.
300 ## - PHYSICAL DESCRIPTION
Pagination ১৯৯ পৃ.;
Dimensions ২৪ সেমি.
650 ## - SUBJECT ADDED ENTRY--TOPICAL TERM
Topical term or geographic name as entry element Bengali Novel
651 ## - SUBJECT ADDED ENTRY--GEOGRAPHIC NAME
Geographic name
700 ## - ADDED ENTRY--PERSONAL NAME
Personal name চৌধুরী, কবীর
942 ## - ADDED ENTRY ELEMENTS (KOHA)
Source of classification or shelving scheme Dewey Decimal Classification
Koha item type Books
Koha issues (borrowed), all copies 1
Holdings
Source of classification or shelving scheme Damaged status Not for loan Home library Current library Shelving location Date of accession Source of acquisition Cost, normal purchase price Total Checkouts Full call number Barcode Date last seen Date checked out Copy number Koha item type
Dewey Decimal Classification     JCC Rouf Library JCC Rouf Library General Stacks 10/02/2017 IPDC 250.00 2 891.443 ACH 2008 1368 07/05/2018 07/05/2018 C-1 Books

JCC Library | Contacts | JCC Home

Last Update on 23 September 2017
Copyright @ 2017-2020 JCC Rouf Library
Rouf Library, Jhenidah Cadet College (JCC), Bangladesh